Statistics for Leaders of Sinn Féin

Click here to take the quiz!

General Stats

  • This quiz has been taken 14 times
  • The average score is 5 of 16

Answer Stats

TenureLeader% Correct
1983-2018Gerry Adams
92%
2018-presentMary Lou Mcdonald
69%
1911-1917Arthur Griffith
54%
1917-1926Éamon de Valera
46%
1933-1935Michael O’Flanagan
31%
1970-1983Ruairí Ó Bradaigh
31%
1931-1933Brian O’Higgins
23%
1935-1937Cathal Ó Murchadha
23%
1926-1931John J. O’Kelly
23%
1937-1950Margaret Buckley
23%
1950-1952Paddy McLogan
23%
1954-1962Paddy McLogan
23%
1962-1970Tomás Mac Giolla
23%
1952-1954Tomás Ó Dubhghaill
23%
1905-1908Edward Martyn
15%
1908-1911John Sweetman
15%

Score Distribution

Percentile by Number Answered

Percent of People with Each Score

Your Score History

You have not taken this quiz